[Event "Boeblingen op 21st"]
[Site "Boeblingen"]
[Date "2004.12.27"]
[Round "3"]
[White "Behm, Simon"]
[Black "Hesse, Peter"]
[Result "1/2-1/2"]
[WhiteElo "2173"]
[BlackElo "2305"]
[PlyCount "91"]
[EventDate "2004.12.26"]
[EventType "swiss"]
[EventRounds "9"]
[EventCountry "GER"]
[SourceTitle "CBM 104 Extra"]
[Source "ChessBase"]
[SourceDate "2005.03.01"]
[SourceVersion "1"]
[SourceVersionDate "2005.03.01"]
[SourceQuality "1"]

1. d4 d6 2. c4 Nf6 3. Nc3 Nbd7 4. e4 e5 5. d5 Be7 6. Be3 0-0 7. g3 c6 8. Bg2 cxd5 9. cxd5 Nc5 10. Nge2 Ng4 11. Bc1 Bd7 12. 0-0 b5 13. b4 Na4 14. Nxa4 bxa4 15. Nc3 Qb8 16. Rb1 f5 17. Nxa4 Bb5 18. Re1 Qc8 19. Be3 Nxe3 20. fxe3 fxe4 21. Bxe4 Qh3 22. Rb2 Rac8 23. Bd3 Bd7 24. b5 Bg4 25. Qd2 Bf3 26. Nc3 Qg4 27. Ne4 Bxe4 28. Rb4 Bd8 29. Rxe4 Qg5 30. Rc4 Rxc4 31. Bxc4 Bb6 32. Kg2 Qg4 33. Bf1 h5 34. Kh1 h4 35. Qg2 Qb4 36. Re2 Qb1 37. Rf2 Rxf2 38. Qxf2 Bxe3 39. Qe2 h3 40. Qd3 Qa1 41. Qf5 Bc5 42. Qc8+ Kf7 43. Qd7+ Kf8 44. Qd8+ Kf7 45. Qd7+ Kf8 46. Qd8+ 1/2-1/2

[Event "BL2-Ost 0405"]
[Site "Germany"]
[Date "2004.12.12"]
[Round "4.8"]
[White "Delitzsch, Juergen"]
[Black "Hesse, Peter"]
[Result "0-1"]
[WhiteElo "2235"]
[BlackElo "2305"]
[PlyCount "62"]
[EventDate "2004.10.24"]
[EventType "team-tourn"]
[EventRounds "9"]
[EventCountry "GER"]
[SourceTitle "EXT 2007"]
[Source "ChessBase"]
[SourceDate "2006.11.23"]
[SourceVersion "1"]
[SourceVersionDate "2006.11.23"]
[SourceQuality "1"]
[WhiteTeam "Bindlach"]
[BlackTeam "Leipzig Mitte"]
[WhiteTeamCountry "GER"]
[BlackTeamCountry "GER"]

1. Nf3 Nf6 2. c4 g6 3. d4 Bg7 4. g3 d6 5. Bg2 0-0 6. 0-0 Nc6 7. d5 Na5 8. Nfd2 c6 9. Nc3 cxd5 10. cxd5 Bd7 11. e4 Rc8 12. h3 b5 13. a3 Qb6 14. Kh2 Qb8 15. f4 Nc4 16. Nxc4 Rxc4 17. Qe2 Rfc8 18. Rf2 a5 19. Bd2 b4 20. axb4 axb4 21. Nd1 Rc2 22. Qe1 h5 23. e5 dxe5 24. fxe5 h4 25. Re2 Nh5 26. gxh4 Bb5 27. Re4 Bxe5+ 28. Kg1 Bh2+ 29. Kh1 Rxd2 30. Ra8 Ng3+ 31. Qxg3 Bxg3 0-1

[Event "Leipzig VfB op 11th"]
[Site "Leipzig"]
[Date "2004.03.18"]
[Round "5"]
[White "Hesse, Peter"]
[Black "Wagner, Bernd"]
[Result "1-0"]
[WhiteElo "2309"]
[BlackElo "2138"]
[PlyCount "81"]
[EventDate "2004.03.16"]
[EventType "swiss"]
[EventRounds "9"]
[EventCountry "GER"]
[SourceTitle "EXT 2007"]
[Source "ChessBase"]
[SourceDate "2006.11.23"]
[SourceVersion "1"]
[SourceVersionDate "2006.11.23"]
[SourceQuality "1"]

1. d4 Nf6 2. Nf3 g6 3. c4 Bg7 4. Nc3 0-0 5. e4 d6 6. Be2 Nc6 7. 0-0 e5 8. d5 Ne7 9. Nd2 Ne8 10. b4 f5 11. a4 Rf7 12. f3 f4 13. c5 h5 14. Ba3 Bf8 15. Nc4 g5 16. b5 b6 17. cxd6 cxd6 18. Rc1 Ng6 19. a5 Rb8 20. axb6 axb6 21. Na4 Bd7 22. Rb1 Rg7 23. Bb4 Nh4 24. Naxb6 g4 25. Nxd7 Qxd7 26. b6 Nxg2 27. Kxg2 gxf3+ 28. Kh1 fxe2 29. Qxe2 Nf6 30. Be1 Qh3 31. Nd2 Ng4 32. Rf3 Nf2+ 33. Qxf2 Qg4 34. Qf1 Be7 35. Bf2 Bh4 36. Bxh4 Qxh4 37. Qh3 Qg5 38. Rff1 Rbb7 39. Rg1 Qh6 40. Rxg7+ Rxg7 41. b7 1-0

[Event "Leipzig VfB op 11th"]
[Site "Leipzig"]
[Date "2004.03.18"]
[Round "4"]
[White "Wagner, Christian"]
[Black "Hesse, Peter"]
[Result "1/2-1/2"]
[WhiteElo "2166"]
[BlackElo "2309"]
[PlyCount "97"]
[EventDate "2004.03.16"]
[EventType "swiss"]
[EventRounds "9"]
[EventCountry "GER"]
[SourceTitle "EXT 2007"]
[Source "ChessBase"]
[SourceDate "2006.11.23"]
[SourceVersion "1"]
[SourceVersionDate "2006.11.23"]
[SourceQuality "1"]

1. d4 d6 2. c4 Nf6 3. Nc3 e5 4. d5 Be7 5. e4 0-0 6. Be2 c6 7. Nf3 Na6 8. 0-0 Nc5 9. Qc2 cxd5 10. cxd5 Bd7 11. b4 Na6 12. Qb2 Nh5 13. b5 Nc5 14. Nxe5 dxe5 15. Bxh5 g6 16. Bf3 Bd6 17. Bd2 f5 18. a4 Rf7 19. a5 h5 20. Na4 fxe4 21. Nxc5 exf3 22. Ne4 fxg2 23. Kxg2 Qh4 24. f3 Bh3+ 25. Kg1 Bxf1 26. Rxf1 Rxf3 27. Rxf3 Qxe4 28. Qb3 Rc8 29. Qd3 Qxd3 30. Rxd3 Rc2 31. Be3 Rb2 32. b6 axb6 33. Bxb6 e4 34. Rc3 Bxh2+ 35. Kf1 Bf4 36. Rc4 h4 37. Rxe4 g5 38. Be3 Bxe3 39. Rxe3 Kf7 40. d6 Rd2 41. Re7+ Kf6 42. Rxb7 Rxd6 43. Rb1 Ke5 44. Ra1 Ra6 45. Kg2 Kd6 46. Kh3 Kc7 47. Kg4 Rg6 48. Ra2 Kb7 49. Ra1 1/2-1/2

[Event "Oberliga Ost-A 0203"]
[Site "Germany"]
[Date "2003.03.29"]
[Round "10.3"]
[White "Hesse, Peter"]
[Black "Gerhardt, Frank"]
[Result "1-0"]
[WhiteElo "2304"]
[BlackElo "2164"]
[PlyCount "71"]
[EventDate "2002.10.20"]
[EventType "team"]
[EventRounds "11"]
[EventCountry "GER"]
[SourceTitle "EXT 2004"]
[Source "ChessBase"]
[SourceDate "2003.11.25"]
[SourceVersion "1"]
[SourceVersionDate "2003.11.25"]
[SourceQuality "1"]
[WhiteTeam "Magdeburg Rochade"]
[BlackTeam "Liebschwitz"]
[WhiteTeamCountry "GER"]
[BlackTeamCountry "GER"]

1. d4 g6 2. c4 Bg7 3. Nc3 c5 4. Nf3 cxd4 5. Nxd4 Nc6 6. Nc2 Nf6 7. e4 d6 8. Be2 0-0 9. 0-0 b6 10. Be3 Bb7 11. f3 Rc8 12. Qd2 Na5 13. Na3 Ba6 14. b3 Qc7 15. Rac1 Qb8 16. Rfd1 Rfd8 17. Bf1 Rd7 18. Nab5 Nc6 19. Nd5 e6 20. Ndc3 Rcd8 21. Bg5 Bb7 22. Qf4 Nh5 23. Qh4 f6 24. Be3 f5 25. exf5 exf5 26. Nd5 Ne5 27. Nbc3 Rf8 28. Bd4 Qd8 29. Qf2 Nf6 30. Nxf6+ Bxf6 31. Nd5 Bg7 32. Qb2 Qh4 33. f4 Ng4 34. h3 Bxd5 35. Bxg7 Qg3 36. hxg4 1-0

[Event "Neckar op-A 6th"]
[Site "Deizisau"]
[Date "2002.03.30"]
[Round "4"]
[White "Schmittdiel, Eckhard"]
[Black "Hesse, Peter"]
[Result "1/2-1/2"]
[WhiteElo "2486"]
[BlackElo "2314"]
[PlyCount "49"]
[EventDate "2002.03.28"]
[EventType "swiss"]
[EventRounds "9"]
[EventCountry "GER"]
[SourceTitle "CBM 087 Extra"]
[Source "ChessBase"]
[SourceDate "2002.05.03"]
[SourceVersion "2"]
[SourceVersionDate "2002.08.09"]
[SourceQuality "1"]

1. e4 d6 2. d4 Nf6 3. Nc3 e5 4. Nf3 Nbd7 5. g3 Be7 6. Bg2 0-0 7. 0-0 c6 8. a4 b6 9. Re1 a6 10. b3 Re8 11. Bb2 Qc7 12. Qd2 Bf8 13. h3 Rb8 14. Nh4 g6 15. Kh2 b5 16. axb5 axb5 17. Nd1 Bg7 18. Bc3 exd4 19. Bxd4 c5 20. Bb2 Bb7 21. f3 d5 22. exd5 Bxd5 23. Nc3 Bc6 24. Rxe8+ Rxe8 25. Re1 1/2-1/2

[Event "Leipzig VfB op 07th"]
[Site "Leipzig"]
[Date "2000.??.??"]
[Round "5"]
[White "Hesse, Peter"]
[Black "Bogdanovich, Grigory Grigorievic"]
[Result "1/2-1/2"]
[WhiteElo "2290"]
[BlackElo "2377"]
[PlyCount "33"]
[EventDate "2000.03.??"]
[EventType "swiss"]
[EventRounds "9"]
[EventCountry "GER"]
[SourceTitle "EXT 2008"]
[Source "ChessBase"]
[SourceDate "2007.11.25"]
[SourceVersion "1"]
[SourceVersionDate "2007.11.25"]
[SourceQuality "1"]

1. d4 d5 2. Nf3 c6 3. Bf4 Nf6 4. h3 e6 5. e3 Qb6 6. Qc1 c5 7. Nbd2 Nc6 8. c3 Bd7 9. Be2 Rc8 10. 0-0 cxd4 11. exd4 Be7 12. Re1 0-0 13. Qb1 Na5 14. Bd3 Bb5 15. Bc2 Nc4 16. Nxc4 dxc4 17. Ne5 1/2-1/2

[Event "Leipzig VfB op 07th"]
[Site "Leipzig"]
[Date "2000.??.??"]
[Round "2"]
[White "Just, Gabriele"]
[Black "Hesse, Peter"]
[Result "0-1"]
[WhiteElo "2033"]
[BlackElo "2290"]
[PlyCount "58"]
[EventDate "2000.03.??"]
[EventType "swiss"]
[EventRounds "9"]
[EventCountry "GER"]
[SourceTitle "EXT 2008"]
[Source "ChessBase"]
[SourceDate "2007.11.25"]
[SourceVersion "1"]
[SourceVersionDate "2007.11.25"]
[SourceQuality "1"]

1. d4 Nf6 2. Nf3 g6 3. Bf4 Bg7 4. e3 d6 5. Bd3 0-0 6. c3 Nbd7 7. Qe2 Re8 8. e4 e5 9. dxe5 dxe5 10. Bg5 Nc5 11. Bc2 Ne6 12. Nbd2 Nxg5 13. Nxg5 Nh5 14. h4 h6 15. Ngf3 Nf4 16. Qf1 h5 17. 0-0-0 Bg4 18. Kb1 Qf6 19. Bb3 Re7 20. Re1 Rd8 21. g3 Ne6 22. Re3 Red7 23. Nh2 Rxd2 24. f3 Nc5 25. fxg4 Rxh2 26. Bxf7+ Kh8 27. Rg1 Rf2 28. Qc4 Qxf7 29. Qxc5 Rdd2 0-1

[Event "Oberliga Ost A 9798"]
[Site "Germany"]
[Date "1997.??.??"]
[Round "?.5"]
[White "Hesse, Peter"]
[Black "Heyme, Sibylle"]
[Result "1-0"]
[WhiteElo "2305"]
[BlackElo "2090"]
[PlyCount "63"]
[EventDate "1997.09.??"]
[EventType "team"]
[EventRounds "11"]
[EventCountry "GER"]
[SourceTitle "EXT 1999"]
[Source "ChessBase"]
[SourceDate "1998.11.16"]
[SourceVersion "1"]
[SourceVersionDate "1998.11.16"]
[SourceQuality "1"]

1. d4 Nf6 2. Nf3 g6 3. c4 Bg7 4. Nc3 d6 5. e4 0-0 6. Be2 e5 7. 0-0 Nc6 8. d5 Ne7 9. Nd2 Ne8 10. b4 a5 11. bxa5 Rxa5 12. a4 f5 13. Ba3 Kh8 14. c5 Ra8 15. f3 g5 16. Nc4 Ng6 17. cxd6 cxd6 18. Re1 Rf6 19. Bf1 f4 20. Rb1 h5 21. Nb6 Rb8 22. Qd2 g4 23. Nxc8 Qxc8 24. Rec1 Bh6 25. Nb5 Qd8 26. Rc3 Nh4 27. Kh1 Rg6 28. Qf2 Bf8 29. Rbc1 g3 30. Qa7 gxh2 31. Qxb8 Qb6 32. Qa7 1-0

[Event "BL2-Ost 9697"]
[Site "Germany"]
[Date "1997.??.??"]
[Round "?.3"]
[White "Hesse, Peter"]
[Black "Peters, Andreas"]
[Result "1/2-1/2"]
[WhiteElo "2330"]
[BlackElo "2315"]
[PlyCount "86"]
[EventDate "1996.10.??"]
[EventType "team-tourn"]
[EventRounds "9"]
[EventCountry "GER"]
[SourceTitle "GER-chT2"]
[Source "ChessBase"]
[SourceDate "1999.07.01"]
[SourceVersion "1"]
[SourceVersionDate "1999.07.01"]
[SourceQuality "1"]
[WhiteTeam "Leipzig ESV"]
[BlackTeam "Leipzig Gohlis"]
[WhiteTeamCountry "GER"]
[BlackTeamCountry "GER"]

1. Nf3 Nf6 2. g3 g6 3. Bg2 Bg7 4. 0-0 0-0 5. c4 d5 6. d3 c5 7. Nc3 d4 8. Na4 Na6 9. a3 Re8 10. Rb1 e5 11. b4 Qe7 12. Nd2 cxb4 13. Qb3 Bf8 14. axb4 Qxb4 15. Qc2 Qe7 16. Ra1 Bf5 17. Ba3 Qd7 18. Bxf8 Kxf8 19. Rfb1 Rab8 20. Rb5 Qe7 21. Qb2 e4 22. dxe4 Nxe4 23. Nxe4 Bxe4 24. Qxd4 Kg8 25. Bxe4 Qxe4 26. Qxe4 Rxe4 27. Nc3 Rxc4 28. Rxa6 Rxc3 29. Rxa7 Rc7 30. Kg2 Kf8 31. e3 Ke8 32. Kf3 Kd7 33. h4 b6 34. Ra2 Rc5 35. Rb1 Rb7 36. Rd2+ Ke6 37. Rbd1 b5 38. Rd6+ Ke7 39. R6d3 b4 40. Rb1 Rc6 41. Rbb3 Rbb6 42. e4 Rc2 43. Ke3 Rc4 1/2-1/2

[Event "Sachsen-ch"]
[Site "Gruenheide"]
[Date "1997.??.??"]
[Round "?"]
[White "Hesse, Peter"]
[Black "Wichmann, Cliff"]
[Result "1-0"]
[WhiteElo "2330"]
[BlackElo "2225"]
[PlyCount "49"]
[EventDate "1997.??.??"]
[EventType "swiss"]
[EventRounds "9"]
[EventCountry "GER"]
[SourceTitle "EXT 1998"]
[Source "ChessBase"]
[SourceDate "1997.11.17"]
[SourceVersion "1"]
[SourceVersionDate "1997.11.17"]
[SourceQuality "1"]

1. d4 d5 2. Nf3 Nf6 3. Bf4 c5 4. c3 cxd4 5. cxd4 Nc6 6. Nc3 Bf5 7. e3 e6 8. Bd3 Bxd3 9. Qxd3 a6 10. 0-0 Bd6 11. Bg5 0-0 12. Rac1 Rc8 13. a3 Be7 14. Bxf6 Bxf6 15. Rc2 Na5 16. Rfc1 Nb3 17. Rd1 Na5 18. g3 b5 19. Kg2 Be7 20. h4 f6 21. e4 f5 22. exd5 exd5 23. Re1 Bd6 24. Rce2 Bb8 25. Ng5 1-0

[Event "Oberliga Ost A 9798"]
[Site "Germany"]
[Date "1997.??.??"]
[Round "?.5"]
[White "Hesse, Peter"]
[Black "Winterfeld, Dirk"]
[Result "1-0"]
[WhiteElo "2305"]
[BlackElo "2215"]
[PlyCount "99"]
[EventDate "1997.09.??"]
[EventType "team"]
[EventRounds "11"]
[EventCountry "GER"]
[SourceTitle "EXT 1999"]
[Source "ChessBase"]
[SourceDate "1998.11.16"]
[SourceVersion "1"]
[SourceVersionDate "1998.11.16"]
[SourceQuality "1"]

1. d4 Nf6 2. Nf3 e6 3. Bf4 c5 4. c3 Qb6 5. Qb3 d5 6. e3 Nc6 7. Nbd2 Be7 8. h3 Bd7 9. Be2 Na5 10. Qc2 Rc8 11. 0-0 cxd4 12. exd4 Bb5 13. Rfe1 Bxe2 14. Rxe2 0-0 15. Rae1 Nc4 16. Nxc4 Rxc4 17. Ne5 Rcc8 18. Bg5 Qd8 19. Qb3 Qc7 20. Nd3 Ne4 21. Bxe7 Qxe7 22. a4 Qc7 23. Qa3 Nd6 24. Qb3 Qc4 25. Qd1 Ne4 26. Re3 b6 27. Ne5 Qc7 28. Qe2 Qe7 29. Ra1 Nd6 30. Nd3 Nc4 31. Rg3 Kh8 32. Qh5 Qf6 33. Re1 Rc7 34. Rf3 Qd8 35. Re2 Kg8 36. Rf4 g6 37. Qh6 Qd6 38. h4 f5 39. h5 Rf6 40. Qg5 Qf8 41. Rf3 Rg7 42. Nf4 gxh5 43. Qxh5 Re7 44. Rg3+ Kh8 45. Ng6+ Rxg6 46. Rxg6 Qf7 47. Qh6 Qxg6 48. Qf8+ Qg8 49. Qxe7 Qg4 50. Qf6+ 1-0